000 00651nam a2200241Ia 4500
003 OSt
005 20221005060412.0
006 a|||||r|||| 00| 0
007 ta
008 221004b |||||||| |||| 00| 0 eng d
024 _a61876
037 _cTextual
040 _aCRL
_cCRL
_beng
041 _2eng
_aeng
082 _aS:7, N2
100 _aFurnhan Adrian
_9599612
245 0 _aPersonality at work
_b The role of individual differences in the work-place
260 _aLondon
_bRoutledge
_c1992
300 _a423p.
_ccm.
650 _aPSYCHOLOGY
942 _hS:7, N2
_cTEXL
_2cc
999 _c966625
_d966625